[Event "13. Lovsprings EMT Mesterklassen 2002"]
[Site "Ringsted"]
[Date "2002.03.08"]
[Round "1"]
[White "Christensen, Henrik"]
[Black "Pedersen, Hans Dahl"]
[Result "1/2-1/2"]
[WhiteElo "1966"]
[BlackElo "2120"]
[PlyCount "81"]
[EventDate "2002.??.??"]

1. d4 d5 2. c4 c6 3. e3 Nf6 4. Nc3 e6 5. Nf3 Nbd7 6. Bd3 dxc4 7. Bxc4 b5 8. Bd3
Bb7 9. O-O a6 10. b3 c5 11. Bb2 Bd6 12. Rc1 O-O 13. Re1 Rc8 14. Ne2 cxd4 15.
Rxc8 Qxc8 16. Nexd4 Bb4 17. Re2 e5 18. Nc2 Bc3 19. Bxc3 Qxc3 20. Bf5 e4 21.
Nfd4 Ne5 22. h4 g6 23. Bh3 Qc7 24. Rd2 h5 25. Ne1 Nfg4 26. g3 Rc8 27. Rc2 Qd8
28. Bg2 Rxc2 29. Qxc2 Qa5 30. Kf1 Nh2+ 31. Ke2 Nd3 32. Qb1 Nxe1 33. Bxe4 Bxe4
34. Qxe4 Nef3 35. Nxf3 Nxf3 36. Kxf3 Qxa2 37. Qe8+ Kg7 38. Qe5+ Kh7 39. Qd5 Kg8
40. Qd8+ Kh7 41. Qd5 1/2-1/2

[Event "13. Lovsprings EMT Mesterklassen 2002"]
[Site "Ringsted"]
[Date "2002.03.08"]
[Round "1"]
[White "Holst, Peter Stein"]
[Black "Haar, Bjarne"]
[Result "1-0"]
[WhiteElo "1918"]
[BlackElo "2006"]
[PlyCount "81"]
[EventDate "2002.??.??"]

1. e4 e6 2. d4 d5 3. Nc3 Nf6 4. e5 Ng8 5. Nce2 c5 6. c3 Nc6 7. f4 Qb6 8. Nf3
Nh6 9. a3 a5 10. Ng3 Bd7 11. Be2 Be7 12. O-O a4 13. Kh1 Na5 14. Bd3 Nb3 15. Rb1
cxd4 16. cxd4 Nxd4 17. Nxd4 Qxd4 18. Qe2 Qb6 19. f5 Nxf5 20. Nxf5 exf5 21. Bxf5
Bb5 22. Bd3 Bxd3 23. Qxd3 d4 24. e6 f6 25. Qg3 Qxe6 26. Re1 Qf7 27. Qc7 Kf8 28.
Qxb7 Re8 29. Bd2 Qb3 30. Bb4 Bxb4 31. Rxe8+ Kxe8 32. axb4 Qe3 33. Qc8+ Kf7 34.
Qxh8 Qe4 35. Rg1 d3 36. Qd8 Qe2 37. Qc7+ Kg6 38. Qc1 d2 39. Qd1 Qd3 40. Qb1
d1=Q 41. Rxd1 1-0

[Event "13. Lovsprings EMT Mesterklassen 2002"]
[Site "Ringsted"]
[Date "2002.03.08"]
[Round "1"]
[White "Jorgensen, Brian"]
[Black "Christensen, Bo Garner"]
[Result "1-0"]
[WhiteElo "2168"]
[BlackElo "2161"]
[PlyCount "89"]
[EventDate "2002.??.??"]

1. d4 Nf6 2. c4 c5 3. e3 g6 4. Nc3 Bg7 5. Nf3 O-O 6. Be2 d6 7. O-O Nc6 8. h3
Bd7 9. b3 cxd4 10. exd4 e5 11. d5 Ne7 12. Ba3 Nf5 13. Rc1 Qa5 14. Nb1 Bh6 15.
g4 Bxc1 16. Qxc1 e4 17. gxf5 exf3 18. Bd3 Rfe8 19. Bb2 Re5 20. Bxe5 dxe5 21.
Qg5 Qd8 22. Nd2 Kg7 23. fxg6 hxg6 24. Qxe5 Bxh3 25. Re1 Qh8 26. Ne4 Qh4 27.
Qxf6+ Qxf6 28. Nxf6 Kxf6 29. Re3 Bg2 30. Bf1 Bxf1 31. Kxf1 Rc8 32. Rxf3+ Ke7
33. Ke2 b6 34. Rh3 Kd6 35. Kd3 Re8 36. Rf3 Re7 37. Re3 Rc7 38. Kd4 Kd7 39. b4
a5 40. bxa5 bxa5 41. c5 Rc8 42. d6 Rb8 43. Re7+ Kd8 44. c6 Rb2 45. c7+ 1-0

[Event "13. Lovsprings EMT Mesterklassen 2002"]
[Site "Ringsted"]
[Date "2002.03.08"]
[Round "1"]
[White "Krogh, Peter Ove"]
[Black "Abildlund, Jens"]
[Result "0-1"]
[WhiteElo "1925"]
[BlackElo "2091"]
[PlyCount "90"]
[EventDate "2002.??.??"]

1. c4 Nf6 2. Nc3 g6 3. e4 d6 4. d4 Bg7 5. Nf3 O-O 6. Be2 c5 7. O-O e6 8. Bg5 h6
9. Bh4 g5 10. Bg3 Nh5 11. d5 Nxg3 12. hxg3 a6 13. Qc2 exd5 14. exd5 Nd7 15.
Rae1 Ne5 16. Nd2 f5 17. f4 Ng4 18. Bxg4 fxg4 19. Ne2 Bf5 20. Qb3 gxf4 21. gxf4
Qf6 22. Kh2 Qh4+ 23. Kg1 Rae8 24. g3 Qh3 25. Qd1 Bd3 26. Rf2 Bxe2 27. Rexe2 Bd4
28. Nf1 Qh5 29. Kg2 Bxf2 30. Rxf2 Re4 31. Kg1 Rfe8 32. b3 Qf5 33. Qd2 Re1 34.
Kg2 Qe4+ 35. Kg1 Qe3 36. Qxe3 R8xe3 37. Kg2 R3e2 38. a4 Kf7 39. Nh2 h5 40. Nf1
a5 41. Nd2 Kf6 42. Nf1 Kf5 43. Nd2 Re3 44. Kh2 Rd1 45. Kg2 Ree1 0-1

[Event "13. Lovsprings EMT Mesterklassen 2002"]
[Site "Ringsted"]
[Date "2002.03.08"]
[Round "1"]
[White "Eddy, Samuel"]
[Black "Jorgensen, Brian Jorgen"]
[Result "0-1"]
[WhiteElo "1959"]
[BlackElo "2214"]
[PlyCount "54"]
[EventDate "2002.??.??"]

1. c4 f5 2. g3 Nf6 3. Bg2 g6 4. d4 Bg7 5. Nc3 O-O 6. Nf3 d6 7. O-O Nc6 8. d5
Ne5 9. Nxe5 dxe5 10. e4 e6 11. Qb3 exd5 12. cxd5 Kh8 13. f4 fxe4 14. fxe5 Ng4
15. Rxf8+ Qxf8 16. Nxe4 Bxe5 17. Bg5 Qg7 18. Rf1 Bf5 19. Qxb7 Rf8 20. Qb4 a5
21. Qe7 Qxe7 22. Bxe7 Bd4+ 23. Kh1 Re8 24. Bf6+ Nxf6 25. Nxf6 Bxf6 26. g4 Bd3
27. Rxf6 Re1+ 0-1

[Event "13. Lovsprings EMT Mesterklassen 2002"]
[Site "Ringsted"]
[Date "2002.03.08"]
[Round "1"]
[White "Aage, Bjarke Gadgaard"]
[Black "Askgaard, Jens"]
[Result "0-1"]
[WhiteElo "2065"]
[BlackElo "2097"]
[PlyCount "48"]
[EventDate "2002.??.??"]

1. d4 d5 2. c4 c6 3. Nf3 Nf6 4. cxd5 cxd5 5. Nc3 Nc6 6. Bg5 Ne4 7. Bd2 e6 8. e3
Nxd2 9. Qxd2 Bd6 10. Bd3 Bd7 11. a3 Rc8 12. b4 Nxb4 13. O-O Nxd3 14. Qxd3 Qa5
15. Rfc1 O-O 16. Ng5 g6 17. h4 Rc7 18. h5 Rfc8 19. hxg6 hxg6 20. Ne2 Rxc1+ 21.
Rxc1 Rxc1+ 22. Nxc1 Qe1+ 23. Qf1 Bh2+ 24. Kxh2 Qxf1 0-1

[Event "13. Lovsprings EMT Mesterklassen 2002"]
[Site "Ringsted"]
[Date "2002.03.19"]
[Round "1"]
[White "Jensen, Leif"]
[Black "Nielsen, Max"]
[Result "0-1"]
[WhiteElo "2078"]
[BlackElo "2201"]
[PlyCount "64"]
[EventDate "2002.??.??"]

1. e4 c5 2. f4 d5 3. e5 Nc6 4. Nf3 Bg4 5. c3 e6 6. h3 Bxf3 7. Qxf3 Qb6 8. Na3
a6 9. Nc2 O-O-O 10. d3 f6 11. exf6 Nxf6 12. b3 Bd6 13. Bd2 Rhf8 14. O-O-O Qc7
15. g4 Nd7 16. f5 g6 17. Re1 Nde5 18. Qg2 gxf5 19. gxf5 Rxf5 20. Ne3 Rff8 21.
Ng4 h5 22. Nxe5 Nxe5 23. Qe2 Qh7 24. d4 cxd4 25. Kb2 Kb8 26. cxd4 Nf3 27. Ba5
Nxd4 28. Qd1 Rf2+ 29. Be2 Nxe2 30. Rxe2 Rdf8 31. Bc3 Qe4 32. Rh2 Bxh2 0-1

[Event "13. Lovsprings EMT Mesterklassen 2002"]
[Site "Ringsted"]
[Date "2002.03.15"]
[Round "2"]
[White "Haar, Bjarne"]
[Black "Krogh, Peter Ove"]
[Result "1-0"]
[WhiteElo "2006"]
[BlackElo "1925"]
[PlyCount "85"]
[EventDate "2002.??.??"]

1. d4 Nf6 2. Bg5 e6 3. e3 b6 4. Nf3 h6 5. Bh4 Bb7 6. Nbd2 d6 7. Bb5+ c6 8. Bd3
Be7 9. O-O Nbd7 10. h3 O-O 11. c3 d5 12. Ne5 Nxe5 13. dxe5 Nd7 14. Bxe7 Qxe7
15. f4 a5 16. Rf3 Ba6 17. Bc2 c5 18. Rg3 f5 19. Qh5 Kh8 20. Re1 Qf7 21. Qh4 Qg8
22. Nf3 Qh7 23. Qe7 Bc8 24. Qxe6 Qg8 25. Qc6 Rb8 26. Nh4 Rf7 27. Bxf5 Nxe5 28.
fxe5 Bxf5 29. Qxd5 Re8 30. Rf3 g6 31. Ref1 Be6 32. Qc6 Rxf3 33. Qxf3 Kh7 34.
Qb7+ Qg7 35. Qxg7+ Kxg7 36. Rf6 Bxa2 37. Rxb6 Rxe5 38. Rb7+ Kg8 39. Kf2 Bb1 40.
Rb5 a4 41. Nf3 Rh5 42. g4 Bd3 43. Rb8+ 1-0

[Event "13. Lovsprings EMT Mesterklassen 2002"]
[Site "Ringsted"]
[Date "2002.03.15"]
[Round "2"]
[White "Jorgensen, Brian"]
[Black "Holst, Peter Stein"]
[Result "1-0"]
[WhiteElo "2168"]
[BlackElo "1918"]
[PlyCount "69"]
[EventDate "2002.??.??"]

1. c4 c6 2. e4 Qa5 3. Nc3 Nf6 4. g3 g6 5. Bg2 Bg7 6. Nge2 d6 7. O-O O-O 8. h3
Na6 9. a3 Rb8 10. Rb1 b5 11. cxb5 cxb5 12. b4 Qd8 13. d3 e5 14. Be3 Qe7 15. d4
Qb7 16. f4 Nd7 17. Qd3 Nc7 18. fxe5 dxe5 19. d5 a6 20. Rf2 f6 21. Nc1 Rf7 22.
Nb3 Ne8 23. Na5 Qc7 24. Rc2 Qd6 25. Ne2 Nf8 26. Nc6 Ra8 27. Nc1 f5 28. Nb3 fxe4
29. Qd2 Nf6 30. Rd1 Nh5 31. Bc5 Qd7 32. Bf2 Kh8 33. Nc5 Qe8 34. Nxe4 Qd7 35.
Ng5 1-0

[Event "13. Lovsprings EMT Mesterklassen 2002"]
[Site "Ringsted"]
[Date "2002.03.15"]
[Round "2"]
[White "Christensen, Bo Garner"]
[Black "Aage, Bjarke Gadgaard"]
[Result "1-0"]
[WhiteElo "2161"]
[BlackElo "2065"]
[PlyCount "65"]
[EventDate "2002.??.??"]

1. e4 Nf6 2. e5 Nd5 3. d4 d6 4. Bc4 Nb6 5. Bb3 dxe5 6. Qh5 e6 7. dxe5 Nc6 8.
Nf3 Nd4 9. Nc3 Bb4 10. Bd2 a5 11. O-O-O Bxc3 12. Bg5 Qd7 13. bxc3 Nxb3+ 14.
cxb3 Nd5 15. c4 Qc6 16. Kb2 a4 17. cxd5 a3+ 18. Kb1 Qc3 19. Rd2 exd5 20. Nd4 c5
21. Rc1 Qa5 22. Rdc2 b6 23. e6 O-O 24. Nc6 Qb5 25. Ne7+ Kh8 26. exf7 Qd3 27.
Rd1 Qe4 28. f3 Qe6 29. Rxd5 g6 30. Qh6 Qxf7 31. Nxg6+ Qxg6 32. Qxf8+ Qg8 33.
Bf6# 1-0

[Event "13. Lovsprings EMT Mesterklassen 2002"]
[Site "Ringsted"]
[Date "2002.03.15"]
[Round "2"]
[White "Pedersen, Hans Dahl"]
[Black "Askgaard, Jens"]
[Result "1/2-1/2"]
[WhiteElo "2120"]
[BlackElo "2097"]
[PlyCount "44"]
[EventDate "2002.??.??"]

1. c4 Nf6 2. g3 c6 3. Bg2 d5 4. Nf3 Bg4 5. Ne5 Bh5 6. d4 e6 7. Nd2 Nbd7 8. Nd3
Bd6 9. O-O O-O 10. b3 Qe7 11. Bb2 a5 12. Nf3 Ne4 13. c5 Bc7 14. Nf4 Bxf4 15.
gxf4 Kh8 16. Qd3 f5 17. Ne5 Rg8 18. Qh3 Nxe5 19. Qxh5 Nf7 20. Bxe4 fxe4 21. f3
exf3 22. Rxf3 Nh6 1/2-1/2

[Event "13. Lovsprings EMT Mesterklassen 2002"]
[Site "Ringsted"]
[Date "2002.03.15"]
[Round "2"]
[White "Eddy, Samuel"]
[Black "Jensen, Leif"]
[Result "1/2-1/2"]
[WhiteElo "1959"]
[BlackElo "2078"]
[PlyCount "48"]
[EventDate "2002.??.??"]

1. f4 d5 2. g3 Nf6 3. Bg2 c6 4. Nf3 Bg4 5. O-O Qc8 6. Re1 Bxf3 7. Bxf3 g6 8. d3
Bg7 9. e4 dxe4 10. dxe4 O-O 11. e5 Rd8 12. Qe2 Nd5 13. c4 Nb6 14. Nc3 Qe6 15.
b3 Na6 16. Bg4 f5 17. Bf3 Qd7 18. Rd1 Qc7 19. Ba3 Rxd1+ 20. Rxd1 Rd8 21. h4 Kf7
22. c5 Nc8 23. Qc4+ e6 24. Rxd8 Qxd8 1/2-1/2

[Event "13. Lovsprings EMT Mesterklassen 2002"]
[Site "Ringsted"]
[Date "2002.03.19"]
[Round "2"]
[White "Abildlund, Jens"]
[Black "Jorgensen, Brian Jorgen"]
[Result "1-0"]
[WhiteElo "2091"]
[BlackElo "2214"]
[PlyCount "59"]
[EventDate "2002.??.??"]

1. d4 d6 2. e4 Nf6 3. Nc3 g6 4. h4 Bg7 5. Be2 c5 6. d5 O-O 7. h5 b5 8. Bf3 b4
9. Nce2 Nbd7 10. hxg6 hxg6 11. Ng3 a5 12. Bg5 Re8 13. Qd2 Nh7 14. O-O-O Nb6 15.
Rxh7 Kxh7 16. Qf4 Kg8 17. N1e2 Nd7 18. Rh1 f6 19. Bh6 g5 20. Qg4 e6 21. Bxg7
Kxg7 22. Nf4 Ne5 23. Qh3 Rh8 24. Ngh5+ Kf7 25. dxe6+ Kf8 26. Nd5 Ra7 27. Qf5
Rf7 28. e7+ Qxe7 29. Qxc8+ Qe8 30. Qxe8+ 1-0

[Event "13. Lovsprings EMT Mesterklassen 2002"]
[Site "Ringsted"]
[Date "2002.04.02"]
[Round "2"]
[White "Nielsen, Max"]
[Black "Christensen, Henrik"]
[Result "1/2-1/2"]
[WhiteElo "2201"]
[BlackElo "1966"]
[PlyCount "50"]
[EventDate "2002.??.??"]

1. e4 d5 2. exd5 Qxd5 3. Nc3 Qa5 4. d4 Nf6 5. Nf3 Bf5 6. Bd2 c6 7. Ne4 Qc7 8.
Nxf6+ exf6 9. g3 Bd6 10. Bg2 Na6 11. O-O O-O-O 12. c3 Qd7 13. Re1 Bh3 14. Bh1
h5 15. Be3 h4 16. Nd2 hxg3 17. fxg3 Rh7 18. Ne4 Bc7 19. Nf2 Be6 20. Qd2 Rdh8
21. Ne4 Bd5 22. Re2 Re8 23. Bf4 Rhh8 24. Bxc7 Qxc7 25. Rae1 Re6 1/2-1/2

[Event "13. Lovsprings EMT Mesterklassen 2002"]
[Site "Ringsted"]
[Date "2002.03.22"]
[Round "3"]
[White "Krogh, Peter Ove"]
[Black "Jensen, Leif"]
[Result "0-1"]
[WhiteElo "1925"]
[BlackElo "2078"]
[PlyCount "112"]
[EventDate "2002.??.??"]

1. c4 e5 2. Nc3 g6 3. d4 exd4 4. Qxd4 Qf6 5. Nf3 Nc6 6. Qe4+ Qe6 7. Qxe6+ fxe6
8. Nb5 Bb4+ 9. Bd2 Bxd2+ 10. Kxd2 Kd8 11. Ng5 Nh6 12. f3 a6 13. Nc3 Ke7 14. e4
Nf7 15. Nxf7 Kxf7 16. Bd3 d6 17. f4 Bd7 18. Raf1 Raf8 19. g4 Ke7 20. h4 Rhg8
21. g5 h6 22. Rh2 hxg5 23. hxg5 Rh8 24. Rhf2 Rh4 25. b3 Nd4 26. Ke3 c5 27. Kd2
Rfh8 28. e5 dxe5 29. fxe5 Nf5 30. Ne4 b6 31. Nf6 Bc6 32. Bxf5 exf5 33. Kc3 Rd4
34. Re1 Ke6 35. a3 Rh3+ 36. Kc2 Rdd3 37. Kc1 Rc3+ 38. Rc2 Rxb3 39. Nd5 Bxd5 40.
cxd5+ Kxd5 41. e6 Rbe3 42. Rce2 Rxe2 43. Rxe2 Rh8 44. e7 Re8 45. a4 Kd6 46. Rb2
b5 47. axb5 axb5 48. Rxb5 Kc6 49. Ra5 Kb6 50. Ra2 Rxe7 51. Kd1 Kb5 52. Rb2+ Kc6
53. Kd2 Re6 54. Kd3 Kd5 55. Rb5 Ra6 56. Kc3 Ra3+ 0-1

[Event "13. Lovsprings EMT Mesterklassen 2002"]
[Site "Ringsted"]
[Date "2002.03.22"]
[Round "3"]
[White "Abildlund, Jens"]
[Black "Jorgensen, Brian"]
[Result "1-0"]
[WhiteElo "2091"]
[BlackElo "2168"]
[PlyCount "73"]
[EventDate "2002.??.??"]

1. d4 Nf6 2. Nf3 b6 3. Bf4 Bb7 4. e3 g6 5. c4 Bg7 6. Nc3 O-O 7. Be2 d6 8. O-O
Ne4 9. Nxe4 Bxe4 10. Ne1 e5 11. Bg3 exd4 12. exd4 Nc6 13. d5 Nd4 14. Bd3 Re8
15. Kh1 Nf5 16. Qc2 Bxd3 17. Nxd3 Nd4 18. Qd1 Qf6 19. Rb1 Qf5 20. f3 Ne2 21.
Bf2 Re7 22. Nb4 Qf4 23. Qd3 Rae8 24. Nc2 Re5 25. g3 Qh6 26. f4 Re4 27. Kg2 Qh5
28. Be3 b5 29. c5 dxc5 30. Bxc5 Nd4 31. Bxd4 Qxd5 32. Qf3 Bxd4 33. Nxd4 Qxd4
34. Rf2 Re3 35. Qc6 Re2 36. Rbf1 Qxb2 37. Qxe8+ 1-0

[Event "13. Lovsprings EMT Mesterklassen 2002"]
[Site "Ringsted"]
[Date "2002.03.22"]
[Round "3"]
[White "Haar, Bjarne"]
[Black "Pedersen, Hans Dahl"]
[Result "0-1"]
[WhiteElo "2006"]
[BlackElo "2120"]
[PlyCount "66"]
[EventDate "2002.??.??"]

1. d4 d5 2. Nf3 Nf6 3. Bg5 e6 4. Nbd2 h6 5. Bf4 Bd6 6. e3 O-O 7. Ne5 Bxe5 8.
Bxe5 c5 9. dxc5 Nc6 10. Bd6 Re8 11. c4 d4 12. exd4 Nxd4 13. Bd3 e5 14. f3 Nh5
15. Ne4 f5 16. Nc3 Qh4+ 17. Kd2 Qg5+ 18. Ke1 Qxg2 19. Rf1 Nf4 20. Rf2 Qg1+ 21.
Bf1 Nh3 22. Qd2 Nxf2 23. Qxf2 Qh1 24. Qg2 Qxg2 25. Bxg2 Nc2+ 26. Kd2 Nxa1 27.
Nd5 Bd7 28. Nc7 Rac8 29. Bf1 Bc6 30. Nd5 Kf7 31. Kc1 e4 32. f4 Bxd5 33. cxd5
Red8 0-1

[Event "13. Lovsprings EMT Mesterklassen 2002"]
[Site "Ringsted"]
[Date "2002.03.22"]
[Round "3"]
[White "Jorgensen, Brian Jorgen"]
[Black "Holst, Peter Stein"]
[Result "1-0"]
[WhiteElo "2214"]
[BlackElo "1918"]
[PlyCount "44"]
[EventDate "2002.??.??"]

1. e4 c5 2. Nf3 Nc6 3. Nc3 g6 4. d4 cxd4 5. Nxd4 Bg7 6. Be3 Nf6 7. Bc4 O-O 8.
Bb3 Qa5 9. f3 d6 10. Qd2 Bd7 11. h4 Rfc8 12. O-O-O Ne5 13. Kb1 Nc4 14. Bxc4
Rxc4 15. h5 Rac8 16. hxg6 hxg6 17. Nb3 Qa6 18. Bh6 Bh8 19. Bg5 Bg7 20. e5 Ne8
21. Bxe7 Rxc3 22. bxc3 Bc6 1-0

[Event "13. Lovsprings EMT Mesterklassen 2002"]
[Site "Ringsted"]
[Date "2002.03.22"]
[Round "3"]
[White "Christensen, Bo Garner"]
[Black "Christensen, Henrik"]
[Result "1-0"]
[WhiteElo "2161"]
[BlackElo "1966"]
[PlyCount "53"]
[EventDate "2002.??.??"]

1. e4 d5 2. exd5 Qxd5 3. Nc3 Qa5 4. Bc4 Nf6 5. d4 Bf5 6. Nf3 e6 7. Bd2 Bb4 8.
a3 Bxc3 9. Bxc3 Qb6 10. O-O c6 11. Bb4 Nbd7 12. Ne5 Nxe5 13. dxe5 c5 14. exf6
cxb4 15. fxg7 Rg8 16. axb4 Rxg7 17. Re1 Qxb4 18. Qd4 Rg4 19. Qh8+ Qf8 20. Bb5+
Ke7 21. Qe5 Qg7 22. Qxf5 Rxg2+ 23. Kh1 Rg8 24. Qc5+ Kf6 25. Qe5+ Ke7 26. Qxg7
R8xg7 27. Rg1 1-0

[Event "13. Lovsprings EMT Mesterklassen 2002"]
[Site "Ringsted"]
[Date "2002.03.22"]
[Round "3"]
[White "Aage, Bjarke Gadgaard"]
[Black "Eddy, Samuel"]
[Result "1-0"]
[WhiteElo "2065"]
[BlackElo "1959"]
[PlyCount "47"]
[EventDate "2002.??.??"]

1. d4 f5 2. Qd3 d5 3. g4 fxg4 4. h3 Nf6 5. Bg2 g6 6. hxg4 Bxg4 7. f3 Bf5 8. e4
Bc8 9. Nc3 c6 10. Bg5 Bg7 11. Nge2 Nbd7 12. Ng3 Qc7 13. Nce2 e5 14. exd5 Nxd5
15. Rxh7 Rxh7 16. Qxg6+ Kf8 17. Qxh7 exd4 18. Nh5 N7f6 19. Nxf6 Nxf6 20. Bxf6
Qa5+ 21. b4 Qxb4+ 22. c3 Qb2 23. Qxg7+ Ke8 24. Qe7# 1-0

[Event "13. Lovsprings EMT Mesterklassen 2002"]
[Site "Ringsted"]
[Date "2002.03.22"]
[Round "3"]
[White "Askgaard, Jens"]
[Black "Nielsen, Max"]
[Result "1/2-1/2"]
[WhiteElo "2097"]
[BlackElo "2201"]
[PlyCount "29"]
[EventDate "2002.??.??"]

1. d4 f5 2. g3 Nf6 3. Bg2 e6 4. c4 d5 5. Nf3 c6 6. O-O Bd6 7. b3 Qe7 8. Bb2 O-O
9. Ne5 Bd7 10. Nd2 Be8 11. Ndf3 Bh5 12. Qc2 Nbd7 13. Nd3 Ne4 14. e3 Bxf3 15.
Bxf3 1/2-1/2

[Event "13. Lovsprings EMT Mesterklassen 2002"]
[Site "Ringsted"]
[Date "2002.04.05"]
[Round "4"]
[White "Christensen, Henrik"]
[Black "Holst, Peter Stein"]
[Result "0-1"]
[WhiteElo "1966"]
[BlackElo "1918"]
[PlyCount "78"]
[EventDate "2002.??.??"]

1. d4 d5 2. c4 e5 3. dxe5 d4 4. Nf3 Nc6 5. b3 Bg4 6. Bg5 Be7 7. Bxe7 Ngxe7 8.
h3 Bxf3 9. gxf3 Nxe5 10. Bg2 Qd6 11. Nd2 f5 12. f4 N5c6 13. e3 dxe3 14. fxe3
O-O-O 15. Qe2 g5 16. O-O-O gxf4 17. exf4 Qxf4 18. Rhf1 Qh6 19. Kb1 Kb8 20. Nf3
Rhg8 21. Ne5 Rxd1+ 22. Rxd1 a6 23. Nd7+ Ka8 24. Nc5 Qg6 25. Bh1 Qg3 26. Nxa6
Qxh3 27. Nxc7+ Kb8 28. Nd5 Qh4 29. Qe6 Qg4 30. Qd6+ Ka7 31. Qc5+ Kb8 32. Re1
Nxd5 33. cxd5 Na7 34. Qd6+ Ka8 35. Qe6 Qg3 36. Rc1 Qd3+ 37. Kb2 Qd2+ 38. Rc2
Qd4+ 39. Ka3 Nb5# 0-1

[Event "13. Lovsprings EMT Mesterklassen 2002"]
[Site "Ringsted"]
[Date "2002.04.05"]
[Round "4"]
[White "Nielsen, Max"]
[Black "Jorgensen, Brian"]
[Result "1/2-1/2"]
[WhiteElo "2201"]
[BlackElo "2168"]
[PlyCount "66"]
[EventDate "2002.??.??"]

1. e4 c5 2. Nf3 Nc6 3. d4 cxd4 4. Nxd4 g6 5. Nc3 Bg7 6. Be3 d6 7. Qd2 Nf6 8. f3
O-O 9. Bc4 Nd7 10. h4 Nde5 11. Bb3 h5 12. O-O-O a5 13. a4 Nxd4 14. Bxd4 b5 15.
Nxb5 Ba6 16. f4 Bh6 17. Kb1 Ng4 18. Bc3 Kh7 19. Bxa5 Qc8 20. Nc7 Ra7 21. Nxa6
Qxa6 22. Bc3 Rc8 23. g3 Rac7 24. Qd5 e6 25. Qxd6 Rc6 26. Qd4 e5 27. fxe5 Rxc3
28. bxc3 Bg7 29. Qd6 Qa5 30. Rd5 Qxc3 31. Rd3 Qa5 32. Rd5 Qc3 33. Rd3 Qa5
1/2-1/2

[Event "13. Lovsprings EMT Mesterklassen 2002"]
[Site "Ringsted"]
[Date "2002.04.05"]
[Round "4"]
[White "Krogh, Peter Ove"]
[Black "Eddy, Samuel"]
[Result "0-1"]
[WhiteElo "1925"]
[BlackElo "1959"]
[PlyCount "76"]
[EventDate "2002.??.??"]

1. c4 f5 2. d4 g6 3. g3 Bg7 4. Bg2 d6 5. Nc3 Nf6 6. Nf3 O-O 7. O-O Qe8 8. Bg5
e5 9. dxe5 dxe5 10. Rb1 Nc6 11. Nd5 Nxd5 12. cxd5 Nb8 13. Ne1 h6 14. Bd2 c6 15.
Qc1 g5 16. Bc3 cxd5 17. Bxd5+ Kh7 18. Ng2 Nc6 19. h4 f4 20. Be4+ Kh8 21. Qc2
Be6 22. hxg5 hxg5 23. gxf4 gxf4 24. f3 Qh5 25. Kf2 Bf6 26. Rh1 Bh3 27. Bg6 Bh4+
28. Kg1 Rg8 29. Rxh3 Bf2+ 30. Kxf2 Qxh3 31. Rg1 Qg3+ 32. Kf1 Qxg6 33. Rh1+ Kg7
34. Qb3 Kf8 35. Ne1 b6 36. Qa3+ Ke8 37. Qa6 Rd8 38. Qb5 Rd1 0-1

[Event "13. Lovsprings EMT Mesterklassen 2002"]
[Site "Ringsted"]
[Date "2002.04.05"]
[Round "4"]
[White "Pedersen, Hans Dahl"]
[Black "Jorgensen, Brian Jorgen"]
[Result "1-0"]
[WhiteElo "2120"]
[BlackElo "2214"]
[PlyCount "66"]
[EventDate "2002.??.??"]

1. c4 g6 2. g3 Bg7 3. Bg2 d6 4. Nc3 e5 5. e4 Be6 6. d3 Nc6 7. Nge2 Qd7 8. Nd5
a5 9. O-O h6 10. Be3 Nd4 11. f3 Rb8 12. Nxd4 exd4 13. Bd2 b6 14. Nf4 Ne7 15.
Nxe6 Qxe6 16. f4 Qd7 17. Qf3 f6 18. h4 Rf8 19. Kh2 c6 20. Bh3 Qc7 21. a4 Rb7
22. Qg4 Kd8 23. b4 axb4 24. Bxb4 Ra7 25. a5 f5 26. exf5 Nxf5 27. axb6 Qxb6 28.
Rxa7 Qxa7 29. Qxg6 Rf6 30. Qh7 Qa2+ 31. Kg1 c5 32. Bxf5 cxb4 33. Bh3 Bf8 1-0

[Event "13. Lovsprings EMT Mesterklassen 2002"]
[Site "Ringsted"]
[Date "2002.04.05"]
[Round "4"]
[White "Askgaard, Jens"]
[Black "Abildlund, Jens"]
[Result "1-0"]
[WhiteElo "2097"]
[BlackElo "2091"]
[PlyCount "71"]
[EventDate "2002.??.??"]

1. d4 Nf6 2. c4 c5 3. d5 d6 4. Nc3 g6 5. e4 Bg7 6. Be2 a6 7. a4 O-O 8. Bg5 h6
9. Be3 e5 10. Qd2 Kh7 11. f3 Nh5 12. Bd3 Nf4 13. Bc2 Qb6 14. Nd1 a5 15. g3 Nh3
16. Nxh3 Bxh3 17. g4 f5 18. exf5 gxf5 19. Bxf5+ Rxf5 20. Qd3 Kh8 21. Qxf5 Na6
22. Kf2 Rf8 23. Qe4 h5 24. Kg3 hxg4 25. fxg4 Bf1 26. Nc3 Qxb2 27. Raxf1 Rxf1
28. Rxf1 Qxc3 29. Rf3 Qe1+ 30. Kg2 Qe2+ 31. Rf2 Qd1 32. g5 Kg8 33. Qf5 Qh5 34.
Rf3 Nc7 35. Qc8+ Ne8 36. Qe6+ 1-0

[Event "13. Lovsprings EMT Mesterklassen 2002"]
[Site "Ringsted"]
[Date "2002.04.05"]
[Round "4"]
[White "Jensen, Leif"]
[Black "Christensen, Bo Garner"]
[Result "0-1"]
[WhiteElo "2078"]
[BlackElo "2161"]
[PlyCount "76"]
[EventDate "2002.??.??"]

1. e4 c5 2. g3 g6 3. Bg2 Bg7 4. c3 Nc6 5. d3 e6 6. Be3 d6 7. f4 Nge7 8. Nf3 O-O
9. Nbd2 Rb8 10. Nb3 f5 11. O-O b6 12. exf5 gxf5 13. d4 Qc7 14. Qe2 Nd5 15. Rad1
Nce7 16. Nh4 a5 17. a3 Bd7 18. Rd2 c4 19. Na1 b5 20. Nc2 b4 21. axb4 axb4 22.
cxb4 Nxb4 23. Na3 d5 24. Rc1 Be8 25. Bf2 Qd6 26. Nb1 Nd3 27. Rf1 Nc6 28. Nf3
Bh5 29. Rxd3 cxd3 30. Qxd3 Bxf3 31. Bxf3 Rxb2 32. g4 Qxf4 33. gxf5 Nxd4 34. Bg3
Nxf3+ 35. Rxf3 Bd4+ 36. Kh1 Rxb1+ 37. Kg2 Qe4 38. Qa6 Rb3 0-1

[Event "13. Lovsprings EMT Mesterklassen 2002"]
[Site "Ringsted"]
[Date "2002.04.05"]
[Round "4"]
[White "Aage, Bjarke Gadgaard"]
[Black "Haar, Bjarne"]
[Result "1/2-1/2"]
[WhiteElo "2065"]
[BlackElo "2006"]
[PlyCount "57"]
[EventDate "2002.??.??"]

1. d4 f5 2. Nc3 Nf6 3. Bg5 d5 4. Bxf6 exf6 5. Qd3 c6 6. h3 Qb6 7. O-O-O Na6 8.
g4 f4 9. e4 Be6 10. exd5 cxd5 11. Qb5+ Qxb5 12. Bxb5+ Kf7 13. Bxa6 bxa6 14. Nf3
g5 15. Ne1 h5 16. Nd3 Rc8 17. f3 Rc4 18. Ne2 Bd6 19. c3 a5 20. Kc2 Rc7 21. Nec1
a4 22. b4 Bd7 23. Nc5 Bb5 24. Rde1 Re7 25. Rxe7+ Bxe7 26. N1d3 hxg4 27. fxg4
Bd6 28. Kd2 Re8 29. Re1 1/2-1/2

[Event "13. Lovsprings EMT Mesterklassen 2002"]
[Site "Ringsted"]
[Date "2002.04.12"]
[Round "5"]
[White "Jorgensen, Brian Jorgen"]
[Black "Jorgensen, Brian"]
[Result "1-0"]
[WhiteElo "2214"]
[BlackElo "2168"]
[PlyCount "95"]
[EventDate "2002.??.??"]

1. e4 c5 2. Nf3 Nc6 3. Nc3 Nf6 4. e5 Ng4 5. Qe2 g6 6. h3 Nh6 7. g4 Bg7 8. d3
O-O 9. Be3 f6 10. exf6 exf6 11. Qd2 Nf7 12. Bxc5 Re8+ 13. Be3 d5 14. d4 a6 15.
Bg2 b5 16. Ng1 Be6 17. Nge2 b4 18. Na4 Nd6 19. b3 Bf7 20. Ng3 f5 21. O-O fxg4
22. hxg4 Ne4 23. Nxe4 dxe4 24. Rad1 Qh4 25. Nc5 Bd5 26. Qe2 Ra7 27. Rfe1 Bf8
28. Bf4 Qf6 29. Qe3 Rf7 30. Bg5 Qd6 31. Bh4 Bg7 32. Bg3 Qd8 33. f3 Qc8 34. Nxe4
Bxe4 35. fxe4 Qxg4 36. e5 Ne7 37. Rd3 Kh8 38. Qe4 Qc8 39. Rf3 Rf5 40. Bh3 Rxf3
41. Bxc8 Rxg3+ 42. Kh2 Rc3 43. Bxa6 Rf8 44. Rf1 Nf5 45. Bd3 Rc7 46. d5 Re8 47.
e6 Rc5 48. Rxf5 1-0

[Event "13. Lovsprings EMT Mesterklassen 2002"]
[Site "Ringsted"]
[Date "2002.04.12"]
[Round "5"]
[White "Holst, Peter Stein"]
[Black "Nielsen, Max"]
[Result "0-1"]
[WhiteElo "1918"]
[BlackElo "2201"]
[PlyCount "40"]
[EventDate "2002.??.??"]

1. d4 f5 2. h3 Nf6 3. g4 d5 4. g5 Ne4 5. Nf3 e6 6. h4 c5 7. e3 Be7 8. Ne5 O-O
9. Qh5 Nc6 10. g6 Nf6 11. gxh7+ Nxh7 12. Ng6 Re8 13. Nxe7+ Qxe7 14. dxc5 Bd7
15. c3 Qxc5 16. Nd2 Ne5 17. Rg1 Qe7 18. Be2 Rf8 19. f4 Be8 20. Qh6 Ng4 0-1